Hitos Fundamentales de su historia
Պահպանված է:
| Համատեղ հեղինակներ: | , |
|---|---|
| Ձևաչափ: | Գիրք |
| Լեզու: | իսպաներեն |
| Հրապարակվել է: |
Valparaíso
Salesianos S.A
2000
|
| Հրատարակություն: | 1a. ed |
| Խորագրեր: | |
| Ցուցիչներ: |
Ավելացրեք ցուցիչ
Չկան պիտակներ, Եղեք առաջինը, ով նշում է այս գրառումը!
|
MARC
| LEADER | 00000nam a2200000 a 4500 | ||
|---|---|---|---|
| 001 | UCJ8720 | ||
| 003 | CL-VaPUC | ||
| 008 | 070124e20001200CL |||||||||||||||||spa|d | ||
| 082 | 0 | 4 | |a 378 |b UNI |2 21 |
| 110 | 2 | |a Universidad Técnica Federico Santa María |e author |9 517650 | |
| 710 | 2 | |a UTFSM |e author |9 517651 | |
| 245 | 1 | 0 | |a Hitos Fundamentales de su historia |
| 250 | |a 1a. ed | ||
| 300 | |a 225 p | ||
| 942 | |c BK | ||
| 945 | |d 20070124 00:00:00 |a fvergara | ||
| 260 | |a Valparaíso |b Salesianos S.A |c 2000 | ||
| 600 | 0 | 7 | |a CERUTI MALDONADO, CARLOS |2 CL-VaPUC |9 517652 |
| 600 | 0 | 7 | |a CHIANG, JUAN JAIME |2 CL-VaPUC |9 517653 |
| 600 | 0 | 7 | |a SANTA MARIA SANTA CRUZ, DOMINGO |2 CL-VaPUC |9 517654 |
| 600 | 0 | 7 | |a NIÑO DE ZEPEDA, ARTURO |2 CL-VaPUC |9 517655 |
| 600 | 0 | 7 | |a CHIANG, JUAN GUSTAVO |2 CL-VaPUC |9 517656 |
| 600 | 0 | 7 | |a ARATA ANDREANI, ADOLFO |2 CL-VaPUC |9 517657 |
| 600 | 0 | 7 | |a EDWARDS MAC CLURE, AGUSTIN |2 CL-VaPUC |9 444634 |
| 600 | 0 | 7 | |a VAN BUREN, CARLOS |2 CL-VaPUC |9 507842 |
| 650 | 0 | |a Educación superior |9 223851 | |
| 650 | 0 | |a Iconografía |9 267998 | |
| 650 | 7 | |a HERALDICA |2 CL-VaPUC |9 388228 | |
| 650 | 0 | |a Biografías |9 255210 | |
| 650 | 0 | |a Historia económica |9 307218 | |
| 650 | 0 | |a Historia local |9 266584 | |
| 650 | 7 | |a INMIGRANTES ALEMANES |2 CL-VaPUC |9 517658 | |
| 650 | 0 | |a Presidentes de Chile |9 268293 | |
| 650 | 7 | |a EFEMERIDES |2 CL-VaPUC |9 508245 | |
| 651 | 0 | |a Viña del Mar |9 327030 | |
| 651 | 7 | |a TALCAHUANO |2 CL-VaPUC |9 315380 | |
| 651 | 0 | |a Santiago |9 265444 | |
| 651 | 7 | |a RANCAGUA |2 CL-VaPUC |9 318033 | |
| 651 | 0 | |a Valparaíso, Chile |9 261144 | |
| 583 | |a last modification |c 20070124 00:00:00 |k Rodrigo Vera | ||
| 999 | |c 324377 |d 324375 | ||
| 952 | |0 0 |1 0 |4 0 |6 378_000000000000000_UNI_2000 |7 0 |8 X |9 404473 |a FDOBUD |b FDOBUD |d 2019-11-22 |i 1083104 |o 378 UNI 2000 |p 1083104 |r 2019-11-22 |w 2019-11-22 |y BK_X |k BUD | ||